000 00263nam a22001217a 4500
008 170921b xxu||||| |||| 00| 0 eng d
041 _aeng
080 _a78
100 _a45
101 _aMUZ
245 _aTHE MUSIC OF THE CLOSE
_cFOREMAN, W.C
942 _2udc
_cBK
999 _c28715
_d28715